000 00299nam a22001337a 4500
008 170215b xxu||||| |||| 00| 0 eng d
020 _a9780323030427
041 _aeng
080 _28TH
_a61
100 _a4
101 _aSHM
245 _aVIRTUAL CLINICAL EXCURSIONS
_cSTUART, C.W
942 _2udc
_cBK
999 _c5563
_d5563